00862nac a22002171u 4500010001600000020001500016082001600031090001500047100003400062245007300096250001200169260004000181300003900221440004100260504005100301650002000352942001800372999001500390952011900405952012000524 a 99067771 a003025916900a338.5bN624 c4044d4044 aNicholson, Walter. 10aIntermediate microeconomics and its application /cWalter Nicholson. a8th ed. aFort Worth :bDryden Press,cc2000. axxx, 605 p. :bcol. ill. ;c24 cm. 4aThe Dryden Press series in economics aIncludes bibliographical references and index. 0aMicroeconomics. cBBk338.5N624 c4044d4044 00104070aMAINbMAINc1STd2007-08-16ePurchasel3m6o338.5 NICp000005291r2025-07-15 00:00:00s2019-09-19yBB 00104070aMAINbMAINc1STd2005-09-07ePurchasel2m53o338.5 NICp000000211r2025-07-15 00:00:00s2019-03-03yBB